书目信息 |
| 题名: |
常用网址黄页
|
|
| 作者: | ;姚新军 , 万雷 编著 ;智联教育 主编 | |
| 分册: | ||
| 出版信息: | 北京 海洋出版社 2005 |
|
| 页数: | 10,136页 | |
| 开本: | 28cm | |
| 丛书名: | 从外行到里手的速成之路 | |
| 单 册: | ||
| 中图分类: | TP393.409.2 | |
| 科图分类: | ||
| 主题词: | 因特网--网址--汇编 | |
| 电子资源: | ||
| ISBN: | 7-5027-6361-9 | |
| 000 | 01399nam0 2200361 450 | |
| 000 | 01362nam0 2200349 450 | |
| 000 | 01332nam0 2200349 450 | |
| 000 | 01278nam0 2200325 450 | |
| 000 | 01307nam0 2200313 450 | |
| 000 | 01270nam0 2200301 45 | |
| 001 | TS2006034979 | |
| 005 | 20070109152755.28 | |
| 010 | @a7-5027-6361-9@dCNY18.00 | |
| 100 | @a20060829d2005 em y0chiy0110 ea | |
| 101 | 0 | @achi |
| 102 | @aCN@b110000 | |
| 105 | @aa z 000yy | |
| 200 | 1 | @a常用网址黄页@AChang Yong Wang Zhi Huang Ye@f智联教育主编@FZhi Lian Jiao Yu Zhu Bian@g姚新军, 万雷编著 |
| 210 | @a北京@c海洋出版社@d2005 | |
| 215 | @a10,136页@c图@d28cm@e光盘1片 | |
| 225 | 2 | @a从外行到里手的速成之路@i人人学电脑@v6 |
| 307 | @a附光盘:ISBN7-89994-514-3 | |
| 330 | @a全书共22章,分别介绍了知名网站、IT资讯、生活服务、消费理财、金融保险、休闲娱乐、情感交流、教育培训、人才招聘、军事体育、旅游指南、免费资源、医疗保健、广告设计等各个种类共700多个网址的主要栏目和网站背景、用途等信息。 | |
| 410 | 0 | @12001 @a从外行到里手的速成之路 |
| 606 | 0 | @a因特网@x网址@y汇编 |
| 690 | @aTP393.409.2@v4 | |
| 702 | 0 | @a姚新军@AYao Xin Jun@4编著 |
| 702 | 0 | @a万雷@AWan Lei@4编著 |
| 711 | 02 | @a智联教育@AZhi Lian Jiao Yu@4主编 |
| 801 | 0 | @aCN@b中图数据@c20070109 |
| 905 | @a10447@dTP393.409.2@e19 | |
| 常用网址黄页/智联教育主编/姚新军, 万雷编著.-北京:海洋出版社,2005 |
| 10,136页:图;28cm+光盘1片.-(从外行到里手的速成之路.人人学电脑;6) |
| ISBN 7-5027-6361-9:CNY18.00 |
| 全书共22章,分别介绍了知名网站、IT资讯、生活服务、消费理财、金融保险、休闲娱乐、情感交流、教育培训、人才招聘、军事体育、旅游指南、免费资源、医疗保健、广告设计等各个种类共700多个网址的主要栏目和网站背景、用途等信息。 |
| ● |
| 相关链接 |
|
|
|
|
正题名:常用网址黄页
索取号:TP393.409.2/19
 
预约/预借
| 序号 | 登录号 | 条形码 | 馆藏地/架位号 | 状态 | 备注 |
| 1 | 0608437 | 206084379 | 第二样本阅览室/ [索取号:TP393.409.2/19] | 在馆 | |
| 2 | 0608438 | 206084388 | 第三借阅区/ [索取号:TP393.409.2/19] | 在馆 | |
| 3 | 0608439 | 206084397 | 第三借阅区/ [索取号:TP393.409.2/19] | 在馆 | |
| 4 | 0608440 | 206084404 | 第三借阅区/ [索取号:TP393.409.2/19] | 在馆 | |
| 5 | 0608441 | 206084413 | 第三借阅区/ [索取号:TP393.409.2/19] | 在馆 | |
| 6 | 0608442 | 206084422 | 第三借阅区/ [索取号:TP393.409.2/19] | 在馆 |